Ügyfélkezelés fontossága a számviteli szolgáltatást nyújtó vállalatok esetében

Bibliográfiai részletek
Szerző: Horváth Bettina Tímea
További közreműködők: Németh Dr. Szilárd
Dokumentumtípus: Diplomadolgozat
Kulcsszavak:CRM - Customer Relationship Management
Kapcsolati marketing
Szolgáltatásmenedzsment
Online Access:http://dolgozattar.uni-bge.hu/15893

MARC

LEADER 00000nta a2200000 i 4500
001 dolg15893
005 20180514082955.0
008 180514suuuu hu om 000 hun d
040 |a BGE Dolgozattár Repozitórium  |b hun 
041 |a hu 
100 1 |a Horváth Bettina Tímea 
245 1 0 |a Ügyfélkezelés fontossága a számviteli szolgáltatást nyújtó vállalatok esetében  |c Horváth Bettina Tímea  |h [elektronikus dokumentum] 
695 |a CRM - Customer Relationship Management 
695 |a Kapcsolati marketing 
695 |a Szolgáltatásmenedzsment 
700 1 |a Németh Dr. Szilárd  |e ths 
856 4 0 |u http://dolgozattar.uni-bge.hu/15893/1/Horv%C3%A1th%20Bettina%20T%C3%ADmea-Szakdolgozat.pdf  |z Dokumentum-elérés 
856 4 0 |u http://dolgozattar.uni-bge.hu/15893/2/Nyilatkozat.pdf  |z Dokumentum-elérés